000
00251nam a2200109Ia 4500
008
240625s9999 xx 000 0 und d
041
_a
eng
082
_a
658.5 ELE
100
_a
3G LEARNING
245
_a
SERVICE OPERATIONS MANAGEMENT
260
_c
2014
999
_c
35251
_d
35251